000 00278nam a22001217a 4500
008 170629b xxu||||| |||| 00| 0 eng d
041 _aeng
080 _a94(4)
100 _a16
101 _aSHH
245 _aTHE RISE AND FALL OF THE THIRD REICH
_cSHIRER,W.L
942 _2udc
_cBK
999 _c19548
_d19548